000 00741cam a22002533a 4500
001 38511
003 PGUSA
005 20140828083841.0
008 120106s2012||||xxu|||||s|||||000 | eng d
040 _aPGUSA
_beng
042 _adc
100 1 _aOmar Khayyam,
_d1048-1122
245 1 4 _aThe Sufistic Quatrains of Omar Khayyam
_h[electronic resource] /
_cOmar Khayyam
260 _bProject Gutenberg,
_c2012
506 _aPublic domain in the USA.
516 _aElectronic text
700 1 _aFitzGerald, Edward,
_d1809-1883
700 1 _aNicolas, J. B.
700 1 _aArnot, Robert,
_d1860-
700 1 _aWhinfield, Edward Henry
830 0 _aProject Gutenberg
_v38511
856 4 0 _uhttp://www.gutenberg.org/ebooks/38511
942 _cEB
999 _c267765
_d267765